ՀՀ Գիտությունների ազգային ակադեմիայի հիմնարար գիտական գրադարան  =   Fundamental Scientific Library of NAS RA

Italian libraries / (Record no. 339899)

MARC details
000 -LEADER
fixed length control field 00589nam a2200217 a 4500
001 - CONTROL NUMBER
control field 001037758
003 - CONTROL NUMBER IDENTIFIER
control field AM-YeHGA
005 - DATE AND TIME OF LATEST TRANSACTION
control field 20250617150844.0
008 - FIXED-LENGTH DATA ELEMENTS--GENERAL INFORMATION
fixed length control field 140922s2009 ||| r 000 0 eng d
040 ## - CATALOGING SOURCE
Original cataloging agency AM-YeHGA
041 0# - LANGUAGE CODE
Language code of text/sound track or separate title eng
090 ## - LOCALLY ASSIGNED LC-TYPE CALL NUMBER (OCLC); LOCAL CALL NUMBER (RLIN)
-- 341681
245 00 - TITLE STATEMENT
Title Italian libraries /
Statement of responsibility, etc. Dir.: Flavia Cristiano; Ed.: Itala Appi.
260 ## - PUBLICATION, DISTRIBUTION, ETC.
Place of publication, distribution, etc. Milan :
Name of publisher, distributor, etc. IFLA,
Date of publication, distribution, etc. 2009.
300 ## - PHYSICAL DESCRIPTION
Extent 150 p.
440 #0 - SERIES STATEMENT/ADDED ENTRY--TITLE
Title Quaderni di Libri e Riviste d`Italia 62. /
650 14 - SUBJECT ADDED ENTRY--TOPICAL TERM
Topical term or geographic name entry element Italy - libraries
653 0# - INDEX TERM--UNCONTROLLED
Uncontrolled term Diagital libraries
700 1# - ADDED ENTRY--PERSONAL NAME
Personal name Cristiano, Flavia
Relator term dir
700 1# - ADDED ENTRY--PERSONAL NAME
Personal name Appi, Itala
Relator term edt
Holdings
Withdrawn status Lost status Damaged status Not for loan Collection Home library Current library Date acquired Cost, normal purchase price Shelving control number Total checkouts Full call number Barcode Date last seen Price effective from Koha item type Public note
        General Fundamental Scientific Library Fundamental Scientific Library 09/01/2017 1500.00     И II/115211 FL0306646 09/01/2017 09/01/2017 Գրքեր / Books 30 Days Loan


ՀՀ ԳԱԱ հիմնարար գիտական գրադարան
ՀՀ,Երևան 0019
Մարշալ Բաղրամյան 24/6
հեռախոս:(374-10) 52-47-50
Հետադարձ կապ

All site content, except where otherwise noted, is licensed under a
Creative Commons License